Stanovenie kyselín molekulovou absorpčnou spektrometriou s vysokým rozlíšením

Salvato in:
Dettagli Bibliografici
Autore principale: Kupec, Daniel (Autore)
Altri autori: Čacho, František (Relatore della tesi)
Natura: Manoscritto Libro
Lingua:slovacco
Pubblicazione: 2018
Soggetti:
Accesso online:http://is.stuba.sk/zp/portal_zp.pl?podrobnosti=126583
Tags: Aggiungi Tag
Nessun Tag, puoi essere il primo ad aggiungerne!!

MARC

LEADER 00000ntm a22000003a 4500
001 stuzp69634
003 SK-STU
005 20180623210904.4
007 ta
008 150427s2015----xo-----f-mn---000-0-slo-d
040 |a STU  |b slo 
041 0 |a slo 
100 1 |a Kupec, Daniel  |u 041000  |4 aut  |U FCHPT Fakulta chemickej a potravinárskej technológie  |T FCHPT Ústav analytickej chémie  |X 81952  |U C1000  |Y 99  |7 81952 
242 0 1 |a Determination of Acids by High-Resolution Molecular Absorption Spectrometry  |y eng 
245 1 0 |a Stanovenie kyselín molekulovou absorpčnou spektrometriou s vysokým rozlíšením 
260 |c 2018 
650 4 |a kyselina sírová  |2 slo 
650 4 |a kyselina dusičná  |2 slo 
650 4 |a HR-CS FMAS  |2 slo 
650 4 |a sulfuric acid  |2 eng 
650 4 |a nitric acid  |2 eng 
650 4 |a HR-CS FMAS  |2 eng 
700 1 |a Čacho, František  |u 041000  |k Z1  |4 ths  |U FCHPT Fakulta chemickej a potravinárskej technológie  |T FCHPT Ústav analytickej chémie  |X 19738  |U C1000  |Y 99  |7 A0000019738 
856 4 |u http://is.stuba.sk/zp/portal_zp.pl?podrobnosti=126583